[Event "ROM-ch U10"]
[Site "Calimanesti Caciulata"]
[Date "2019.04.20"]
[Round "7"]
[White "Negoiu, Laurentiu Mario"]
[Black "Stancea, Ioan Octavian"]
[Result "0-1"]
[WhiteElo "1001"]
[BlackElo "1001"]
[PlyCount "20"]
[EventDate "2019.04.15"]
[EventType "swiss"]
[EventRounds "9"]
[EventCountry "ROU"]
[SourceTitle "CBM 190 Extra"]
[Source "ChessBase"]
[SourceDate "2019.07.15"]
[SourceVersion "1"]
[SourceVersionDate "2019.07.15"]
[SourceQuality "1"]

1. e4 e5 2. Bc4 Nf6 3. Nc3 Nc6 4. Nf3 b6 5. d4 exd4 6. Na4 Nxe4 7. Bd3 d5 8. 0-0 Bb7 9. Bg5 Nxg5 10. Nh4 Nb4 0-1